Dünyamızı değiştiren on iki hastalık (Record no. 12794)

MARC details
000 -BAŞLIK
Sabit Uzunlukta Kontrol Alanı 01075na a2200313 4500
999 ## - SİSTEM KONTROL NUMARALARI (KOHA)
Koha Biblionumber 12794
Koha Biblioitemnumber 12794
001 - KONTROL NUMARASI
Denetim Alanı 24304
003 - KONTROL NUMARASI IDENTIFIER
Denetim Alanı MIRAKIL
005 - SON İŞLEM TARİHİ VE ZAMANI
Denetim Alanı 20190225120114.0
008 - SABİT-BOY VERİ ELEMANLARI - GENEL BİLGİLER
Sabit Uzunlukta Kontrol Alanı 180911b tu 000 0
020 ## - ULUSLARARASI STANDART KİTAP NUMARASI
Uluslararası Standart Kitap Numarası 9786053328902
040 ## - KATALOGLAMA KAYNAK
Orijinal Kataloglama Ajansı Milas
Kataloglama Dili tur
Metne Dönüştürmek Ajansı TR-AnCHP
041 ## - DİL KODU
Metin / Ses Parça Veya Ayrı Başlığın Dil Kodu eng
082 ## - DEWEY ONLU SINIFLANDIRMA NUMARASI
Sınıflandırma Numarası 616.92
Ürün Numarası S33d 2017
090 ## - SINIFLAMA NUMARASI
Sınıflama Numarası 616.92 S33d 2017
100 ## - ANA GİRİŞ - KİŞİSEL İSİM
Kişisel Ad Sherman, Irwın W.
245 ## - BAŞLIK TABLOSU
Başlık Dünyamızı değiştiren on iki hastalık
Sorumluluk Tablosu, Vb Irwın W. Sgerman ; çevirenler Emel Tümbay, Mine Anğ Küçüker
250 ## - EDITION TABLOSU
Baskı Beyanı 2. bs.
260 ## - YAYIN, DAĞITIM, VB
Yayın, Dağıtım, Vb Yeri İstanbul
Yayıncı, Dağıtıcı, Vs Adı Türkiye İş Bankası Kültür Yayınları
Yayın, Dağıtım, Vb Tarihi 2017
Üretici Firma Ayhan matbaası
300 ## - FİZİKSEL TANIM
Kapsam 300 s.
Boyutlar 20 sm.
440 ## - SERİSİ TABLOSU / KATMA GİRİŞİ - BAŞLIK
Başlık Türkiye İş Bankası Kültür Yayınları
Hacim / Ardışık Tanımı genel yayın :3670
504 ## - KAYNAKÇA VB NOT
Kaynakça Vb Notu Kaynakça ve dizin var.
650 ## - KONU KATMA GİRİŞ - TOPİKAL DÖNEM
Topikal Süreli Veya Coğrafi Ad Giriş Elemanı Sağlık
Genel Alt Bölümü hastalıklar
650 ## - KONU KATMA GİRİŞ - TOPİKAL DÖNEM
Topikal Süreli Veya Coğrafi Ad Giriş Elemanı bulaşıcı hastalıklar
Genel Alt Bölümü Tarih
700 ## - KATMA GİRİŞ - KİŞİSEL İSİM
Kişisel Ad Küçüker, Mine Anğ
Relator Terim çev.
700 ## - KATMA GİRİŞ - KİŞİSEL İSİM
Kişisel Ad Tümbay, Emel
Relator Terim çev.
856 ## - ELEKTRONİK YER VE ERİŞİM
Kamu Notu Dijital Nüshası için Partimizin Kütüphane Sorumlusu ile iletişime geçiniz.
942 ## - EKLENDİ GİRİŞ ELEMANLARI (KOHA)
Sınıflandırma Veya Raf Düzeni Kaynak Dewey Decimal Classification
Koha Öğesi Türü Books
999 ## - SİSTEM KONTROL NUMARALARI (KOHA)
Koha Biblioitemnumber 10806
Holdings
Kalıcı Konum Mevcut Konum Edinme Tarihi Toplam Check-Out'Lar Tam Çağrı Numarası Barkod Tarih Son Görülme İtibaren Geçerli Fiyatlar Koha Öğesi Türü
Parti Okulu Kütüphanesi Parti Okulu Kütüphanesi 02/25/2019   616.92 S33d 2017 P00336 02/25/2019 02/25/2019 Books